[Event "Barcelona Rubi op-B 5th"]
[Site "Barcelona"]
[Date "2004.04.??"]
[Round "5"]
[White "Boix Robla, Pau"]
[Black "Marcer Hernandez, Jordi"]
[Result "1-0"]
[WhiteElo "1725"]
[BlackElo "1810"]
[PlyCount "83"]
[EventDate "2004.04.25"]
[EventType "swiss"]
[EventRounds "7"]
[EventCountry "ESP"]
[SourceTitle "EXT 2007"]
[Source "ChessBase"]
[SourceDate "2006.11.23"]
[SourceVersion "1"]
[SourceVersionDate "2006.11.23"]
[SourceQuality "1"]

1. e4 e5 2. Nc3 Nf6 3. f4 d6 4. Nf3 h6 5. fxe5 dxe5 6. Nxe5 Bb4 7. Bc4 0-0 8. d3 Qd4 9. Nf3 Qc5 10. Bf4 Nxe4 11. dxe4 Qxc4 12. Qd3 Be6 13. Qxc4 Bxc4 14. Bxc7 Re8 15. Nd2 Bxc3 16. bxc3 Bd5 17. 0-0-0 Bxa2 18. c4 Rc8 19. Kb2 Bxc4 20. Nxc4 Rxc7 21. Rd8+ Kh7 22. Ne3 Re7 23. Nd5 a5 24. Nxe7 b5 25. Rf8 a4 26. Rd1 Ra7 27. Rxb8 Rxe7 28. Rxb5 Rxe4 29. Rb7 Re2 30. Rxf7 a3+ 31. Kb3 Rxg2 32. c4 a2 33. c5 Rd2 34. Ra1 Kg8 35. Rf3 Rd5 36. c6 Rc5 37. Rc3 Rb5+ 38. Kxa2 Rb8 39. c7 Rc8 40. Rb1 Ra8+ 41. Kb2 Rc8 42. Kc2 1-0

[Event "Barcelona Rubi op-B 5th"]
[Site "Barcelona"]
[Date "2004.04.??"]
[Round "2"]
[White "Carceller Perez, Francesco"]
[Black "Boix Robla, Pau"]
[Result "1-0"]
[WhiteElo "1850"]
[BlackElo "1725"]
[PlyCount "77"]
[EventDate "2004.04.25"]
[EventType "swiss"]
[EventRounds "7"]
[EventCountry "ESP"]
[SourceTitle "EXT 2007"]
[Source "ChessBase"]
[SourceDate "2006.11.23"]
[SourceVersion "1"]
[SourceVersionDate "2006.11.23"]
[SourceQuality "1"]

1. e4 e5 2. Nf3 Nc6 3. Bb5 a6 4. Ba4 b5 5. Bb3 Na5 6. Bxf7+ Kxf7 7. Nxe5+ Ke8 8. Qh5+ g6 9. Nxg6 Nf6 10. Qe5+ Be7 11. Nxh8 Nc6 12. Qg5 d6 13. Qg7 Be6 14. c3 Ne5 15. 0-0 Nd3 16. Qg3 Kd7 17. Qxd3 Qxh8 18. Qe2 Rg8 19. g3 Bh3 20. Re1 h5 21. d4 h4 22. Bf4 Nh5 23. Qe3 Rg4 24. f3 Rxf4 25. g4 Bg5 26. Qf2 Nf6 27. Nd2 Nxg4 28. Qe2 Nf6 29. e5 Qg7 30. exf6 Bxf6+ 31. Kh1 Qf8 32. Ne4 Bd8 33. Nf2 Bf5 34. a4 c6 35. axb5 axb5 36. Ra7+ Kc8 37. Nd3 Bxd3 38. Qe6+ Kb8 39. Qd7 1-0